Welcome to the Holygrace Academy Library

Please use search bar below to get started

KINGFISHER YOUNG KNOWLEDGE (Record no. 6260)

MARC details
000 -LEADER
fixed length control field 00249nam a22001217a 4500
020 ## - INTERNATIONAL STANDARD BOOK NUMBER
ISBN 0-7534-0859-7
082 ## - DEWEY DECIMAL CLASSIFICATION NUMBER
Classification number 001
100 ## - MAIN ENTRY--AUTHOR NAME
Personal name GIF/R
245 ## - TITLE STATEMENT
Title KINGFISHER YOUNG KNOWLEDGE
260 ## - PUBLICATION, DISTRIBUTION, ETC. (IMPRINT)
Place of publication LONDON
Name of publisher KINGFISHER
650 ## - SUBJECT ADDED ENTRY--TOPICAL TERM
Topical Term GK
Geographic subdivision LONDON
942 ## - ADDED ENTRY ELEMENTS (KOHA)
Koha item type Books
Holdings
Withdrawn status Lost status Collection code Home library Current library Shelving location Date acquired Source of acquisition Cost, normal purchase price Full call number Accession Number Koha item type
    Fiction Main Library Main Library SHELF-17E-SCIENCE RELATED BOOKS 16/12/2019 PURCHASE 30.00 001 12322 Books